000 00800nam a2200265 a 4500
001 BRCA_5614
005 20190320205143.0
008 210211t1925----gw-a######---#001-0#ger-#
041 _ager
044 _agw
050 4 _aN3490
_b.D83 1925
100 1 _aDuchartre, Pierre Louis
_914306
245 1 0 _aMittelalterliche Plastik in Frankreich
_cPierre Louis Duchartre.
260 _aMunich
_bDelphin
_c1925
300 _a32 p.
_bil., 40 láminas
_c34 cm.
500 _aIncluye índice de láminas
500 _aIncluye una hoja de propaganda suelta
500 _aEstado físico: camisa rota y desprendida
500 _aF92
650 1 4 _aEscultura medieval
_zFrancia
_914307
650 1 4 _aArtistas franceses
_914308
650 1 4 _aArte medieval
_zFrancia
_914309
902 _aGFM
942 _2lcc
_cB
999 _c5308
_d5308